书目信息 |
| 题名: |
读书指南
|
|
| 作者: | 刘本仁 编 | |
| 分册: | ||
| 出版信息: | 长沙 湖南文艺出版社 1986 |
|
| 页数: | 701页 | |
| 开本: | 19cm | |
| 丛书名: | ||
| 单 册: | ||
| 中图分类: | Z835 | |
| 科图分类: | ||
| 主题词: | 推荐书目 | |
| 电子资源: | ||
| ISBN: | ||
| 000 | 00583nam0 2200229 45 | |
| 001 | 0186018761 | |
| 005 | 20050606164001.1 | |
| 010 | @dCNY3.60 | |
| 091 | @a17456.1 | |
| 100 | @a19900802d1986 km y0chiy0121 ea | |
| 101 | 0 | @achi |
| 102 | @aCN@b430000 | |
| 105 | @ay z 000yy | |
| 200 | 10 | @a读书指南@Adu shu zhi nan@f刘本仁编@FLiu Ben Ren Bian |
| 210 | @a长沙@c湖南文艺出版社@d1986 | |
| 215 | @a701页@d19cm | |
| 606 | @a推荐书目 | |
| 690 | @aZ835@v3 | |
| 701 | 0 | @a刘本仁@4编 |
| 801 | 0 | @aCN@b深圳图书馆@c20040920 |
| 801 | 2 | @aCN@bNLC@c20040920 |
| 905 | @dZ835@e12@f1@b156186 | |
| 读书指南/刘本仁编.-长沙:湖南文艺出版社,1986 |
| 701页;19cm |
| ISBN :CNY3.60 |
| ● |
| 相关链接 |
|
|
|
|
正题名:读书指南
索取号:Z835/12
 
预约/预借
| 序号 | 登录号 | 条形码 | 馆藏地/架位号 | 状态 | 备注 |
| 1 | 0156186 | 002039733 | 密集书库/ [索取号:Z835/12] | 在馆 | |
| 2 | 0156187 | 001960444 | 第三借阅区/ [索取号:Z835/12] | 在馆 | |
| 3 | 0156188 | 001557318 | 第二样本阅览室/ [索取号:Z835/12] | 在馆 |